Loading...
Beliefs | 0 | 6 | 1 | 3 | 55 | 69 | 109.83 | 0 | 2 |
Social Science | 0 | 2 | 1 | 1 | 15 | 63 | 100.50 | 1 | 1 |
Literature - American Literature | 1 | 0 | 0 | 0 | 15 | 71 | 71.00 | 1 | 1 |
History - American History | 1 | 0 | 1 | 0 | 10 | 51 | 51.00 | 1 | 1 |
British and Commonwealth History | 0 | 1 | 0 | 0 | 10 | 72 | 72.00 | 0 | 1 |
Geography | 0 | 1 | 0 | 0 | 10 | 79 | 79.00 | 0 | 1 |
Ancient History and Archaeology | 1 | 0 | 1 | 0 | 10 | 48 | 48.00 | 1 | 1 |
Other Arts: Visual | 0 | 1 | 0 | 0 | 10 | 75 | 75.00 | 1 | 1 |
Fine Arts - Auditory Fine Arts | 0 | 1 | 1 | 0 | 5 | 120 | 120.00 | 0 | 0 |
Science - Biology | 0 | 0 | 0 | 0 | 0 | 0.00 | 0 | 0 | |
Science - Physics | 0 | 0 | 0 | 0 | 0 | 0.00 | 0 | 0 | |
Current Events | 0 | 0 | 1 | 0 | -5 | 0.00 | 0 | 0 | |
Fine Arts - Visual Fine Arts | 0 | 0 | 1 | 0 | -5 | 0.00 | 0 | 0 | |
Science - Chemistry | 0 | 0 | 1 | 0 | -5 | 0.00 | 0 | 0 | |
Philosophy | 0 | 0 | 1 | 0 | -5 | 0.00 | 0 | 0 |